Online katalóg knižníc regiónu Turca

Dobrá matka (Record no. 22557)

MARC details
000 -LEADER
fixed length control field 01556cam a2200445 4500
001 - CONTROL NUMBER
control field 22557
003 - CONTROL NUMBER IDENTIFIER
control field SK-KTurca
005 - DATE AND TIME OF LATEST TRANSACTION
control field 20260401101141.0
008 - FIXED-LENGTH DATA ELEMENTS--GENERAL INFORMATION
fixed length control field 200612s2018 xo gr 010 fdslo
015 ## - NATIONAL BIBLIOGRAPHY NUMBER
National bibliography number SNBA2019/02
020 ## - INTERNATIONAL STANDARD BOOK NUMBER
International Standard Book Number 9788055163253
Qualifying information (viazané)
035 ## - SYSTEM CONTROL NUMBER
System control number urn:nbn:sk:snk-am00dqrp
035 ## - SYSTEM CONTROL NUMBER
System control number urn:nbn:sk:snk-am3i75h
035 ## - SYSTEM CONTROL NUMBER
System control number F6671BB3-EAD0-4922-8AF4-9EFE2A0CF54D
040 ## - CATALOGING SOURCE
Original cataloging agency PPPK
Language of cataloging slo
Transcribing agency PPPK
Modifying agency SNK
Description conventions rda
041 1# - LANGUAGE CODE
Language code of text/sound track or separate title slo
Language code of original eng
044 ## - COUNTRY OF PUBLISHING/PRODUCING ENTITY CODE
MARC country code xo
ISO country code SK
072 #7 - SUBJECT CATEGORY CODE
Subject category code 821.111-3
Subject category code subdivision Anglická próza, anglicky písaná
Source konspekt
080 ## - UNIVERSAL DECIMAL CLASSIFICATION NUMBER
Universal Decimal Classification number 616.155.392
Edition identifier 2011
080 ## - UNIVERSAL DECIMAL CLASSIFICATION NUMBER
Universal Decimal Classification number 821.111(415)-31
Edition identifier 2011
100 1# - MAIN ENTRY--PERSONAL NAME
Personal name Moriarty, Sinéad
Relationship aut
240 14 - UNIFORM TITLE
Uniform title The goog mother
Language of a work Slovensky
245 10 - TITLE STATEMENT
Title Dobrá matka
Statement of responsibility, etc. Sinéad Moriartyová ; preložila Lenka Böhmová
246 1# - VARYING FORM OF TITLE
Display text Obálkový podnázov:
Title proper/short title Ak niekoho ľúbite, nenecháte ho odísť. Ale čo ak vás o to úpenlivo prosí?
264 #1 - PRODUCTION, PUBLICATION, DISTRIBUTION, MANUFACTURE, AND COPYRIGHT NOTICE
Place of production, publication, distribution, manufacture Bratislava
Name of producer, publisher, distributor, manufacturer Ikar
Date of production, publication, distribution, manufacture, or copyright notice 2018
300 ## - PHYSICAL DESCRIPTION
Extent 447 strán
Dimensions 21 cm
336 ## - CONTENT TYPE
Content type term text
Content type code txt
Source rdacontent
337 ## - MEDIA TYPE
Media type term bez média
Media type code n
Source rdamedia
338 ## - CARRIER TYPE
Carrier type term zväzok
Carrier type code nc
Source rdacarrier
500 ## - GENERAL NOTE
General note Preložené z angličtiny
500 ## - GENERAL NOTE
General note Obsahuje biografické údaje o autorke na prebale publikácie
650 07 - SUBJECT ADDED ENTRY--TOPICAL TERM
Topical term or geographic name entry element leukémia
Source of heading or term SNKPH
650 07 - SUBJECT ADDED ENTRY--TOPICAL TERM
Topical term or geographic name entry element Leukemia
Source of heading or term SNKPHeng
655 #7 - INDEX TERM--GENRE/FORM
Genre/form data or focus term írske romány (anglicky)
Source of term SNKPH
655 #7 - INDEX TERM--GENRE/FORM
Genre/form data or focus term Irish fiction (English)
Source of term SNKPHeng
700 1# - ADDED ENTRY--PERSONAL NAME
Personal name Böhmová, Lenka
Relationship trl
942 ## - ADDED ENTRY ELEMENTS (KOHA)
Source of classification or shelving scheme Dewey Decimal Classification
Koha item type Krásna literatúra pre dospelých
Suppress in OPAC No
Holdings
Stav vyradenia Strata Poškodenie Spôsob nadobudnutia Domovská knižnica Aktuálna knižnica Dátum nadobudnutia Total checkouts Čiarový kód exemplára Date last seen Typ exemplára
      Dar Obecná knižnica Turčianska Štiavnička Obecná knižnica Turčianska Štiavnička 01.04.2026   4738000845 01.04.2026 Krásna literatúra pre dospelých
Projekt je podporený Slovenskou asociáciou knižníc
Prevádzkuje Turčianska knižnica Martin 2026